| 000 | 00358nam a2200133Ia 4500 | ||
|---|---|---|---|
| 008 | 240624s9999 xx 000 0 und d | ||
| 041 | _aeng | ||
| 082 | _a657 BHA | ||
| 100 | _aBHATTACHARYYA ASISH K | ||
| 245 | _aESSENTIALS OF FINANCIAL ACCOUNTING | ||
| 260 |
_c2007 _aNew Delhi _bPrentice-Hall of India |
||
| 300 | _axv, : 492 : p. : cm. ; 23 | ||
| 365 | _cRS | ||
| 999 |
_c13226 _d13226 |
||